| 000 | 00730nam a2200229 a 4500 | ||
|---|---|---|---|
| 001 | 6267 | ||
| 003 | BD-RjUL | ||
| 005 | 20211208234221.0 | ||
| 008 | 140109s1962 ne a 000 0 eng d | ||
| 035 | _a(BD-RjUL)6307 | ||
| 040 |
_aBD-RjUL _cGAT _dBD-RjUL _beng |
||
| 041 | _aeng | ||
| 082 | 0 | 0 |
_221 _a332.15 _bLUP 1962 |
| 100 | 1 |
_aLutz, Friedrich A. _q(Friedrich August), _99538 |
|
| 245 | 1 | 4 |
_aThe problem of international economic equilibrium / _cLutz, Friedrich A. |
| 260 |
_aAmsterdam : _bNorth-Holland Pub. Co., _c1962. |
||
| 300 |
_a75 p. : _billus. ; _c20 cm. |
||
| 490 | 0 | _aProfessor Dr. F. de Vries lectures | |
| 650 | 0 |
_aBalance of payments. _919710 |
|
| 650 | 0 |
_aInternational economic relations. _919711 |
|
| 942 |
_2ddc _cBK |
||
| 999 |
_c6267 _d6267 |
||